000 00713nam a22002177a 4500
003 0
005 20251027154223.0
008 251027b xxu||||| |||| 00| 0 eng d
020 _a978-1-98469-554-3
050 _aG 155.A1
_b.F57 2025
100 _aFisher, Zane,
_eauthor.
245 _aEducational tourism :
_blearning journeys /
_cZane Fisher.
260 _aNew York, NY :
_b3G E-Learning LLC,
_c2025.
300 _axviii, 284 pages :
_bcolored illustrations ;
_c26 cm.
504 _aIncludes bibliographical references and index.
650 _aEducational tourism.
650 _aTourism
_xStudy and teaching.
650 _aExperiential learning.
650 _aTravel
_xStudy and teaching.
942 _2lcc
_cBK
999 _c368356
_d368356